| 000 | 00520nam a2200193 a 4500 | ||
|---|---|---|---|
| 005 | 20210223122009.0 | ||
| 008 | 991125s1992 mx 000 0 spa u | ||
| 020 | _a9681646991 | ||
| 035 | _aUPN01000027509 | ||
| 049 | _aCG | ||
| 050 | 4 |
_aF1229 _bM3.5 |
|
| 100 | 1 |
_aMartínez, José Luis, _d1918-2007 _930331 |
|
| 245 | 1 | 0 |
_aHernán Cortés / _cpor José Luis Martínez. |
| 260 |
_aMéxico : _bFCE, _c1992. |
||
| 300 | _a634 p. | ||
| 440 | 0 |
_aBrevarios ; _v519 |
|
| 600 | 1 | 4 |
_aCORTES, HERNAN, _d1485-1547 |
| 905 | _aLibro | ||
| 999 |
_c27509 _d27509 |
||